Faculty of Law Library — Cairo University

Official Online Catalog

Trattato Teorico-pratico Di Diritto Consolare E Diplomatico : (Record no. 45760)

MARC details
000 -LEADER
fixed length control field 01061nam a2200289 i 4500
003 - CONTROL NUMBER IDENTIFIER
control field EG-GICUC
005 - DATE AND TIME OF LATEST TRANSACTION
control field 20260121101340.0
008 - FIXED-LENGTH DATA ELEMENTS--GENERAL INFORMATION
fixed length control field 251124s1911 it ||||fr|||| 000 0 ita d
040 ## - CATALOGING SOURCE
Original cataloging agency EG-GiCUC
Language of cataloging ita
Transcribing agency EG-GiCUC
Modifying agency EG-GiCUC
Description conventions rda
041 0# - LANGUAGE CODE
Language code of text/sound track or separate title ita
082 04 - DEWEY DECIMAL CLASSIFICATION NUMBER
Edition number 21
Classification number 341.33
Item number CO . T
092 04 - LOCALLY ASSIGNED DEWEY CALL NUMBER (OCLC)
Edition number 21
099 ## - LOCAL FREE-TEXT CALL NUMBER (OCLC)
Classification number Law1 11 341.33 CO . T 1911
100 1# - MAIN ENTRY--PERSONAL NAME
Personal name Contuzzi. Francesco P.
Relator term Author.
245 10 - TITLE STATEMENT
Title Trattato Teorico-pratico Di Diritto Consolare E Diplomatico :
Remainder of title Nei Raffranti Coi Codici (Civile, Commerciale, Penale E Himla E Con Le Convenzioni Internazionali In Gate.
Number of part/section of a work Volume Secondo /
Statement of responsibility, etc. Francesco P. Contuzzi.
264 #1 - PRODUCTION, PUBLICATION, DISTRIBUTION, MANUFACTURE, AND COPYRIGHT NOTICE
Place of production, publication, distribution, manufacture Torino :
Name of producer, publisher, distributor, manufacturer Unione Tipografico-editrice Torinese,
Date of production, publication, distribution, manufacture, or copyright notice 1911.
300 ## - PHYSICAL DESCRIPTION
Extent 1090 pages ;
Dimensions 24 cm
336 ## - CONTENT TYPE
Source rda content
Content type term text
337 ## - MEDIA TYPE
Source rda media
Media type term Computer
338 ## - CARRIER TYPE
Source rda carrier
Carrier type term Online Resource
546 ## - LANGUAGE NOTE
Language note Text in Italian
650 14 - SUBJECT ADDED ENTRY--TOPICAL TERM
Topical term or geographic name entry element Public international law
Source of heading or term qrmak
651 1# - SUBJECT ADDED ENTRY--GEOGRAPHIC NAME
Source of heading or term qrmak
856 40 - ELECTRONIC LOCATION AND ACCESS
Uniform Resource Identifier <a href="https://fll.law.cu.edu.eg/fulltext/bks/B11-06132.pdf">https://fll.law.cu.edu.eg/fulltext/bks/B11-06132.pdf</a>
905 ## - Cataloger and Reviser Names
Cataloger Name: Eman Ibrahim
Revisor Name: Hassnaa
942 ## - ADDED ENTRY ELEMENTS (KOHA)
Source of classification or shelving scheme Dewey Decimal Classification
Koha item type Books
Edition 21
Suppress in OPAC No
Holdings
Withdrawn status Lost status Source of classification or shelving scheme Materials specified (bound volume or other part) Damaged status Not for loan Collection Home library Current library Date acquired Total checkouts Full call number Barcode Date last seen Copy number Price effective from Koha item type
    Dewey Decimal Classification V2   Not for loan القانون الدولي العام جــــامعة القــاهرة مكتبة كلية الحقوق - المبنى الرئيسي 24.11.2025   Law1 11 341.33 CO . T 1911 1106132 V2, C1 B11-06132 24.11.2025 1 24.11.2025 Books

© All rights reserved — Faculty of Law, Cairo University